№ 6; Изобретатель и рационализатор

Bibliographic Details
Parent link:Изобретатель и рационализатор: журнал изобретателей и рационализаторов. № 6.— , 1958-.— 0130-1802
Language:Russian
Published: 2004
Format: Book
KOHA link:https://koha.lib.tpu.ru/cgi-bin/koha/opac-detail.pl?biblionumber=391995

MARC

LEADER 00000nam2a2200000 4500
001 391995
005 20231101064203.0
035 |a (RuTPU)RU\TPU\prd\26837 
090 |a 391995 
100 |a 20040817a20049999m y0rusy50 ca 
101 0 |a rus 
102 |a RU 
200 0 |a № 6 
210 |d 2004 
461 1 |0 (RuTPU)RU\TPU\prd\1510  |x 0130-1802  |t Изобретатель и рационализатор  |o журнал изобретателей и рационализаторов  |v № 6  |d 1958- 
801 0 |a RU  |b 63413507  |c 20010227  |g PSBO 
801 1 |a RU  |b 63413507  |c 20040817  |g PSBO 
801 2 |a RU  |b 63413507  |c 20130111  |g RCR 
942 |c BK 
999 |a НТБ_ТПУ  |b НФ  |e -1/20040113  |p П-6149  |s 22/20030911  |u 0,00  |v 1